| 000 | 00410cam a2200157ua 4500 | ||
|---|---|---|---|
| 003 | OSt | ||
| 008 | 250502b |||||||| |||| 00| 0 eng d | ||
| 020 | _a8185825114 | ||
| 082 |
_a624.1517 _bKAN/SU |
||
| 100 |
_aKanetkar, T P . _91395 |
||
| 245 | _aSurveying and Levelling part-1 / | ||
| 260 |
_aPoona-2 : _bV Griha Prakashan , _c1962. |
||
| 300 | _a616 ; . | ||
| 700 | 1 |
_aKulkarni, S. V . _91396 |
|
| 942 | _cBK | ||
| 999 |
_c9124 _d9124 |
||